000 00770nam a22001815i 4500
001 166684
003 ES-MaACL
005 20250726063044.0
008 050919s1871 sp | |||||||| ||spa d
040 _aCAM
_bspa
_cCAM
100 1 _aTrueba, Antonio de,
_d1819-1889
_9111545
245 1 3 _aEl Valle de Marquina
_b: resúmen de sus recuerdos históricos y ensayo de una monografía de su singular Santuario de San Miguel de Arrechínaga /
_cpor Antonio de Trueba.
260 _aBilbao :
_bImprenta, librería y litografía de Juan E. Delmas,
_c1871.
300 _a32 p. ;
_c17 cm.
651 4 _aValle de Marquina (Vizcaya)-
_xDescripción.
_9137392
852 _aES-MaACL
_jFol-Laf-569
_z-- Rúst.
_z-- Legado de Modesto de la Fuente
999 _c166684
_d166684